[Event "World Amateur-ch U2300"]
[Site "Muscat"]
[Date "2023.11.09"]
[Round "8"]
[White "Imanaliev, Taalaibek"]
[Black "Florencio da Silva, Yuri Matos"]
[Result "1-0"]
[WhiteElo "2218"]
[BlackElo "2030"]
[PlyCount "75"]
[EventDate "2023.11.02"]
[EventType "swiss"]
[EventRounds "9"]
[EventCountry "OMN"]
[SourceTitle "CBM 217 Extra"]
[Source "ChessBase"]
[SourceDate "2024.01.31"]
[SourceVersion "1"]
[SourceVersionDate "2024.01.31"]
[SourceQuality "1"]

1. Nf3 Nf6 2. g3 b6 3. Bg2 Bb7 4. 0-0 c5 5. d3 g6 6. e4 d6 7. Nh4 Nc6 8. f4 Bg7 9. c3 0-0 10. Nd2 b5 11. a4 a6 12. Qe2 Nd7 13. Ndf3 b4 14. c4 Nd4 15. Nxd4 cxd4 16. f5 Nc5 17. Bg5 Bc6 18. Rf2 Qc7 19. Raf1 Rae8 20. Bh3 Bd7 21. Qd2 a5 22. Bh6 Nb3 23. Qf4 e5 24. fxe6 Bxe6 25. Bxg7 Kxg7 26. Qf6+ Kg8 27. Nf5 Bxf5 28. exf5 Qe7 29. fxg6 hxg6 30. Bg2 Qxf6 31. Rxf6 Re2 32. Bd5 Kg7 33. Rxf7+ Rxf7 34. Rxf7+ Kh6 35. h4 Rxb2 36. g4 Nc5 37. g5+ Kh5 38. Rf4 1-0

[Event "World Amateur-ch U2300"]
[Site "Muscat"]
[Date "2023.11.05"]
[Round "4"]
[White "Tenuunbold, Battulga"]
[Black "Florencio da Silva, Yuri Matos"]
[Result "1/2-1/2"]
[WhiteElo "2290"]
[BlackElo "2030"]
[PlyCount "78"]
[EventDate "2023.11.02"]
[EventType "swiss"]
[EventRounds "9"]
[EventCountry "OMN"]
[SourceTitle "CBM 217 Extra"]
[Source "ChessBase"]
[SourceDate "2024.01.31"]
[SourceVersion "1"]
[SourceVersionDate "2024.01.31"]
[SourceQuality "1"]

1. d4 Nf6 2. c4 Nc6 3. Nf3 e6 4. Nc3 Bb4 5. Bd2 d6 6. d5 Bxc3 7. Bxc3 Nb8 8. g3 e5 9. Bg2 0-0 10. 0-0 Ne4 11. Rc1 Nd7 12. b4 a5 13. a3 Qe7 14. Bb2 f5 15. Ne1 axb4 16. axb4 b6 17. Qc2 Ndf6 18. Nd3 h5 19. f3 Ng5 20. h4 Ngh7 21. Qd2 Bd7 22. Ra1 Rae8 23. Ra7 f4 24. gxf4 e4 25. fxe4 Ng4 26. Qe1 Ne3 27. Rxc7 Nxg2 28. Kxg2 Bh3+ 29. Kxh3 Qxc7 30. Rg1 Nf6 31. e5 Qc8+ 32. e6 Qxc4 33. Rg5 Re7 34. Qg3 Qe4 35. Qg2 Qe3+ 36. Rg3 Qd2 37. Rg5 Qe3+ 38. Rg3 Qd2 39. Rg5 Qe3+ 1/2-1/2

[Event "Sao Paulo-chT"]
[Site "Sao Paulo"]
[Date "2019.03.09"]
[Round "6.1"]
[White "Florencio da Silva, Yuri Matos"]
[Black "Di Berardino, Diego Rafael"]
[Result "0-1"]
[WhiteElo "2030"]
[BlackElo "2513"]
[PlyCount "51"]
[EventDate "2019.02.23"]
[EventType "team-tourn"]
[EventRounds "7"]
[EventCountry "BRA"]
[SourceTitle "CBM 189 Extra"]
[Source "ChessBase"]
[SourceDate "2019.05.31"]
[SourceVersion "1"]
[SourceVersionDate "2019.05.31"]
[SourceQuality "1"]
[WhiteTeam "Sao Jose Taimanov"]
[BlackTeam "Pinheiros"]
[WhiteTeamCountry "BRA"]
[BlackTeamCountry "BRA"]

1. e4 c5 2. Nc3 Nc6 3. Nf3 e6 4. d4 cxd4 5. Nxd4 a6 6. f4 Nge7 7. Nb3 d5 8. Be3 dxe4 9. Qxd8+ Nxd8 10. Nxe4 Nd5 11. Bd2 b6 12. Be2 Bb7 13. Bf3 Rc8 14. 0-0-0 Be7 15. Nc3 Nxc3 16. Bxc3 Bxf3 17. gxf3 0-0 18. Rd7 Nc6 19. Rhd1 Rfd8 20. Rb7 Bd6 21. Rxb6 Bxf4+ 22. Bd2 Bxh2 23. Rxa6 Ne5 24. Rf1 Nd3+ 25. Kb1 Nc5 26. Be3 0-1

[Event "Sao Paulo Salles Cup 11th"]
[Site "Sao Paulo"]
[Date "2017.03.24"]
[Round "2"]
[White "Florencio da Silva, Yuri Matos"]
[Black "Mangini, Bruno Fernandes"]
[Result "1/2-1/2"]
[WhiteElo "2052"]
[BlackElo "1721"]
[PlyCount "23"]
[EventDate "2017.03.24"]
[EventType "swiss (blitz)"]
[EventRounds "6"]
[EventCountry "BRA"]
[SourceTitle "CBM 177 Extra"]
[Source "ChessBase"]
[SourceDate "2017.04.27"]
[SourceVersion "1"]
[SourceVersionDate "2017.04.27"]
[SourceQuality "1"]

1. e4 c6 2. d4 d5 3. e5 c5 4. Nf3 Bg4 5. Be2 e6 6. Be3 Nc6 7. Nbd2 cxd4 8. Bxd4 Qc7 9. 0-0 Nge7 10. h3 Bxf3 11. Nxf3 Nf5 12. c4 1/2-1/2

[Event "Sao Paulo Interclubs Paulista"]
[Site "Sao Paulo"]
[Date "2017.03.12"]
[Round "7.1"]
[White "Maia, Luciano Malta"]
[Black "Florencio da Silva, Yuri Matos"]
[Result "1-0"]
[WhiteElo "2348"]
[BlackElo "2110"]
[PlyCount "75"]
[EventDate "2017.03.04"]
[EventType "team-tourn"]
[EventRounds "7"]
[EventCountry "BRA"]
[SourceTitle "CBM 177 Extra"]
[Source "ChessBase"]
[SourceDate "2017.04.27"]
[SourceVersion "1"]
[SourceVersionDate "2017.04.27"]
[SourceQuality "1"]
[WhiteTeam "Circulo Militar"]
[BlackTeam "Sao Jose Taimanov"]
[WhiteTeamCountry "BRA"]
[BlackTeamCountry "BRA"]

1. Nf3 c5 2. c4 Nf6 3. Nc3 Nc6 4. g3 g6 5. d4 cxd4 6. Nxd4 Bg7 7. Bg2 0-0 8. 0-0 Nxd4 9. Qxd4 d6 10. Qd3 a6 11. Be3 Bf5 12. Qd2 Qd7 13. b3 Bh3 14. Bxh3 Qxh3 15. f3 Rac8 16. Rac1 Rfd8 17. Rfd1 h5 18. Bg5 Qf5 19. Kg2 Qd7 20. a4 Qe8 21. Qe3 Kf8 22. Nd5 Nxd5 23. Rxd5 Rb8 24. c5 dxc5 25. Rcxc5 Rxd5 26. Rxd5 e6 27. Rd3 Qc6 28. Qd2 Kg8 29. Rd6 Qc5 30. Rd7 e5 31. Be7 Qc6 32. Qd6 Kh7 33. Qxc6 bxc6 34. b4 Kg8 35. Bd6 Rb6 36. Ra7 f5 37. a5 Rb5 38. Rxa6 1-0

[Event "Sao Paulo Hebraica op 24th"]
[Site "Sao Paulo"]
[Date "2017.01.15"]
[Round "6"]
[White "Florencio da Silva, Yuri Matos"]
[Black "Hoshino, Karen M"]
[Result "1/2-1/2"]
[WhiteElo "2068"]
[BlackElo "1919"]
[PlyCount "115"]
[EventDate "2017.01.13"]
[EventType "swiss"]
[EventRounds "6"]
[EventCountry "BRA"]
[SourceTitle "CBM 176 Extra"]
[Source "ChessBase"]
[SourceDate "2017.03.02"]
[SourceVersion "1"]
[SourceVersionDate "2017.03.02"]
[SourceQuality "1"]

1. e4 c5 2. Nf3 d6 3. d4 cxd4 4. Nxd4 Nf6 5. Nc3 a6 6. Nb3 Nbd7 7. g4 Nc5 8. Nxc5 dxc5 9. Qxd8+ Kxd8 10. g5 Nd7 11. Be3 e6 12. a4 b6 13. 0-0-0 Bb7 14. Be2 Kc7 15. Bf4+ Kc8 16. h4 Bc6 17. Be3 Kb7 18. f4 Be7 19. Rhf1 Rae8 20. Rd2 Bd8 21. Rfd1 Re7 22. Bd3 Bc7 23. e5 Ree8 24. Be4 Nb8 25. a5 b5 26. Bxc5 Bxa5 27. b4 Bc7 28. Bxc6+ Kxc6 29. Ne4 Rd8 30. Nd6 Rd7 31. Rd3 Rhd8 32. Rc3 Bxd6 33. Rxd6+ Rxd6 34. Bxd6+ Kd5 35. Rc7 Nc6 36. Rxf7 Nd4 37. Rxg7 Rc8 38. Bc5 Ne2+ 39. Kd2 Nxf4 40. Rxh7 Kxe5 41. Ra7 Rh8 42. Rxa6 Rxh4 43. Bd6+ Kd5 44. Be7 Ng6 45. Bc5 Rg4 46. Rd6+ Ke5 47. Rb6 Rg2+ 48. Kc3 Rxg5 49. Bd4+ Ke4 50. Rxe6+ Kd5 51. Re3 Rg4 52. Bc5 Ne5 53. Rh3 Rf4 54. Rh5 Rf3+ 55. Kd2 Rg3 56. Be3 Ke4 57. Rh4+ Kd5 58. Rh5 1/2-1/2

[Event "Sao Paulo Hebraica op 24th"]
[Site "Sao Paulo"]
[Date "2017.01.14"]
[Round "3"]
[White "Milanez, Eduardo Medeiros"]
[Black "Florencio da Silva, Yuri Matos"]
[Result "1/2-1/2"]
[WhiteElo "1942"]
[BlackElo "2068"]
[PlyCount "90"]
[EventDate "2017.01.13"]
[EventType "swiss"]
[EventRounds "6"]
[EventCountry "BRA"]
[SourceTitle "CBM 176 Extra"]
[Source "ChessBase"]
[SourceDate "2017.03.02"]
[SourceVersion "1"]
[SourceVersionDate "2017.03.02"]
[SourceQuality "1"]

1. c4 Nf6 2. Nc3 c5 3. g3 e6 4. Bg2 Be7 5. e4 Nc6 6. Nge2 0-0 7. 0-0 a6 8. d4 cxd4 9. Nxd4 Qc7 10. b3 Rd8 11. Bb2 d6 12. Rc1 Nxd4 13. Qxd4 Rb8 14. Kh1 Qc5 15. Qd2 Qh5 16. Qe2 Qh6 17. f4 b5 18. cxb5 axb5 19. Nxb5 Ba6 20. a4 Bxb5 21. axb5 Qh5 22. Qxh5 Nxh5 23. Rc7 Bf8 24. f5 e5 25. g4 Nf4 26. Rxf4 exf4 27. Bf1 d5 28. e5 Rdc8 29. Rxc8 Rxc8 30. b6 Bc5 31. b7 Rd8 32. Kg2 g5 33. Kf3 Kf8 34. Bb5 d4 35. Ke4 Kg7 36. e6 fxe6 37. fxe6 Kf6 38. Bd7 Ke7 39. Bxd4 Bxd4 40. Kxd4 Rb8 41. Bc8 Kd6 42. Ke4 Ke7 43. b4 Kd6 44. b5 Ke7 45. b6 Kd6 1/2-1/2

[Event "BRA-ch Amateur U2200"]
[Site "Sao Paulo"]
[Date "2016.05.27"]
[Round "3"]
[White "Florencio da Silva, Yuri Matos"]
[Black "Moyses Sobrinho, Elias"]
[Result "1-0"]
[WhiteElo "2073"]
[BlackElo "1914"]
[PlyCount "111"]
[EventDate "2016.05.26"]
[EventType "swiss"]
[EventRounds "7"]
[EventCountry "BRA"]
[SourceTitle "EXT 2018"]
[Source "ChessBase"]
[SourceDate "2017.10.13"]
[SourceVersion "1"]
[SourceVersionDate "2017.10.13"]
[SourceQuality "1"]

1. e4 d5 2. exd5 Nf6 3. Bb5+ Bd7 4. Bc4 Bg4 5. f3 Bf5 6. g4 Bg6 7. Nc3 c6 8. dxc6 Nxc6 9. Bb5 e5 10. Qe2 Bd6 11. Bxc6+ bxc6 12. d3 Qb6 13. Nh3 0-0 14. Nf2 Nd5 15. Nfe4 Nxc3 16. bxc3 Bc7 17. g5 Bxe4 18. Qxe4 f5 19. Qb4 Qa6 20. Qa3 Qc8 21. Be3 f4 22. Bf2 Qh3 23. Ke2 a5 24. Qb3+ Kh8 25. Qb7 Qd7 26. Bb6 Rfc8 27. Bxc7 Qxc7 28. Qxc7 Rxc7 29. Rab1 Kg8 30. Kf2 Kf7 31. Rhe1 Re7 32. Rb6 Re6 33. a4 Ra7 34. Reb1 Kg6 35. Rb7 Re7 36. Rxa7 Rxa7 37. Rb6 Kxg5 38. Rxc6 Rb7 39. Rc5 Rb2 40. Rxe5+ Kf6 41. Rc5 Rxc2+ 42. Kg1 Rc1+ 43. Kg2 Ra1 44. Rxa5 Ra3 45. Rc5 Rxa4 46. Kh3 Ra2 47. Kg4 Rxh2 48. Kxf4 Rh4+ 49. Kg3 Ra4 50. d4 g5 51. Kg4 h6 52. Rc6+ Kg7 53. c4 Ra1 54. Kf5 Ra2 55. d5 Rf2 56. Kg4 1-0

[Event "Sao Paulo op-B 3rd"]
[Site "Sao Paulo"]
[Date "2015.09.18"]
[Round "2"]
[White "Florencio da Silva, Yuri Matos"]
[Black "Dutra, Liliam Guedes"]
[Result "1-0"]
[WhiteElo "2047"]
[BlackElo "1595"]
[PlyCount "123"]
[EventDate "2015.09.17"]
[EventType "swiss"]
[EventRounds "6"]
[EventCountry "BRA"]
[SourceTitle "EXT 2016"]
[Source "ChessBase"]
[SourceDate "2015.10.08"]
[SourceVersion "1"]
[SourceVersionDate "2015.10.08"]
[SourceQuality "1"]

1. c4 e6 2. g3 d5 3. Bg2 Nf6 4. Nf3 Be7 5. 0-0 0-0 6. b3 c5 7. e3 Nc6 8. Bb2 b6 9. Nc3 Bb7 10. cxd5 exd5 11. d4 Ne4 12. Ne5 Nxc3 13. Bxc3 Nxe5 14. dxe5 Qd7 15. Qe2 Rfd8 16. Rfd1 Qe6 17. h4 f6 18. Qb2 fxe5 19. Bxe5 Bf8 20. Rd2 Bc6 21. Rad1 Qf7 22. Rd3 Rd7 23. Bh3 Re7 24. Bd6 Ree8 25. Bxf8 Rxf8 26. Bg2 Rad8 27. Qd2 Kh8 28. f4 Qe6 29. Kh2 h6 30. b4 a6 31. bxc5 bxc5 32. Qc1 c4 33. Rd4 Ba4 34. Re1 Rd6 35. e4 Re8 36. e5 Rdd8 37. Qd2 Bc6 38. Rd1 Ba4 39. Rb1 Bb5 40. Qa5 Qf5 41. Rc1 Qe6 42. a4 Bc6 43. Rcxc4 dxc4 44. Rxd8 Bxg2 45. Kxg2 Rxd8 46. Qxd8+ Kh7 47. Qd6 Qc8 48. e6 Qb7+ 49. Kh2 Qb2+ 50. Kh3 Qf6 51. Qd5 c3 52. Qe4+ g6 53. e7 c2 54. e8Q c1Q 55. Qd7+ Qg7 56. Qxg7+ Kxg7 57. Qb7+ Kf8 58. Qb4+ Ke8 59. Qe4+ Kf7 60. Qd5+ Ke7 61. Qb7+ Kd8 62. Qb6+ 1-0